Catálogo
 En Linea

Política Farmacéutica Nacional / (Registro nro. 51129)

Detalles MARC
000 -CABECERA
campo de control de longitud fija 01147nam a2200241 a 4500
003 - IDENTIFICADOR DEL NÚMERO DE CONTROL
campo de control DO-SdBNP
005 - FECHA Y HORA DE LA ÚLTIMA TRANSACCIÓN
campo de control 20220117104544.0
007 - CAMPO FIJO DE DESCRIPCIÓN FÍSICA--INFORMACIÓN GENERAL
campo de control de longitud fija ta
008 - DATOS DE LONGITUD FIJA--INFORMACIÓN GENERAL
campo de control de longitud fija 211215e2007 dr a|||fr|||| 001 0 spa d
020 ## - NÚMERO INTERNACIONAL ESTÁNDAR DEL LIBRO
Número Internacional Estándar del Libro 9789945866100
040 ## - FUENTE DE LA CATALOGACIÓN
Centro catalogador/agencia de origen DO-SdBNP
Lengua de catalogación spa
Centro/agencia transcriptor BNPHU
082 #4 - NÚMERO DE LA CLASIFICACIÓN DECIMAL DEWEY
Número de edición 22
Número de documento/Ítem R426p
110 1# - ENTRADA PRINCIPAL--NOMBRE DE ENTIDAD CORPORATIVA
9 (RLIN) 74055
Nombre de entidad corporativa o nombre de jurisdicción como elemento de entrada República Dominicana.
Unidad subordinada Comisión Presidencial de Política Farmaceutica Nacional
245 10 - MENCIÓN DE TÍTULO
Título Política Farmacéutica Nacional /
260 ## - PUBLICACIÓN, DISTRIBUCIÓN, ETC.
Lugar de publicación, distribución, etc. Santo Domingo :
Nombre del editor, distribuidor, etc. Organización Panamericana de la Salud,
Fecha de publicación, distribución, etc. 2007
300 ## - DESCRIPCIÓN FÍSICA
Extensión x, 41, viii, 90 p. :
Otras características físicas il. ;
Dimensiones 22 cm.
500 ## - NOTA GENERAL
Nota general Incluye bibliografía y notas al pié de páginas.
505 ## - NOTA DE CONTENIDO CON FORMATO
Información miscelánea <br/><br/><br/>
Título Prólogo.--
-- Introducción.--
Información miscelánea Capítulo I.
Título Contextualización.--
Información miscelánea Capítulo II.
Título Situación de los Medicamentos en la República Dominicana. --
Información miscelánea Capítulo III.
Título Propósito y Objetivos de la Política Farmacéutica Nacional.--
Información miscelánea Capítulo IV.
Título Directivas y Estrategias.--
-- Cómo Desarrollar y Aplicar una Política Farmacéutica Nacional.--
590 ## - NOTA LOCAL (RLIN)
Nota local Inventariado 2021 / MF
650 ## - PUNTO DE ACCESO ADICIONAL DE MATERIA--TÉRMINO DE MATERIA
Término de materia o nombre geográfico como elemento de entrada Política farmacéutica
Subdivisión general República Dominicana
9 (RLIN) 80946
910 ## - DATOS DE OPCIÓN DEL USUARIO (OCLC)
Datos de opción del usuario MFéliz
942 ## - ELEMENTOS DE PUNTO DE ACCESO ADICIONAL (KOHA)
Fuente del sistema de clasificación o colocación Dewey Decimal Classification
Tipo de ítem Koha Libro
Existencias
Estado de retiro Estado de pérdida Fuente del sistema de clasificación o colocación Restricciones de uso No para préstamo Código de colección Localización permanente Ubicación/localización actual Ubicación en estantería Fecha de adquisición Fuente de adquisición Total de préstamos Signatura topográfica completa Código de barras Fecha visto por última vez Precio válido a partir de Tipo de ítem Koha
    Dewey Decimal Classification Excluido de préstamo   Monografías: Libros y Folletos Biblioteca Nacional Pedro Henríquez Ureña Patrimonio Dominicano Depósito 15.10.2020 Donado por ODECOPLIN   R426p 2022-0106 17.01.2022 17.01.2022 Libro

Con tecnología Koha